000 00625nam a22002177a 4500
003 DO-SdBNP
005 20210921095123.0
007 ta
008 210921b 2018 dr 00| 0 eng d
020 _a9789945609523
040 _aDo-SdBNP
_bspa
_cBNPHU
082 4 _aBNPHU
100 1 _aEncarnación Gracia, Juana de,
_d1982-
_979972
245 1 _aPalabras del alma /
_cJuana Encarnación de Gracia
260 _aSanto Domingo :
_bSantuario,
_c2018.
300 _a87 p. ;
_c23 cm.
500 _aIncluye datos biográficos de la autora en las solapas
590 _aInventariado, 2021/BT
910 _aBtavárez
942 _2ddc
_cLBS1
999 _c50597
_d50597